Buc-ees Locations Quiz - Statistics

General Stats
  • This quiz has been taken 22 times
  • The average score is 7 of 9
Answer Stats
# State % Correct
36 Texas
100%
2 Florida
94%
2 Georgia
94%
2 Tennessee
88%
4 Alabama
82%
2 Kentucky
82%
1 South Carolina
82%
1 Colorado
71%
1 Missouri
41%
No matching quizzes found
Score Distribution
Percent of People with Each Score
Percentile by Number Answered
Your Score History
You have not taken this quiz